|
|
|
|
| LEADER |
00000cam a2200000 7i4500 |
| 001 |
0000002074 |
| 005 |
20020923.0 |
| 020 |
0 |
0 |
|a 1560220244
|
| 090 |
0 |
0 |
|a 338.162
|b INT 1992
|
| 245 |
0 |
0 |
|a INTEGRATING sustainable agriculture, ecology, and environmental policy
|c Richard K. Olson, editor
|
| 260 |
0 |
0 |
|a New York :
|b Food Products Press ,
|c 1992
|
| 300 |
|
|
|a xvi, 161 p. :
|b ill. ;
|c 22 cm.
|
| 500 |
0 |
0 |
|a Includes bibliographical references
|
| 650 |
0 |
0 |
|a Agricultural ecology
|x Congresses
|
| 650 |
0 |
0 |
|a Agricultural ecology
|z United States
|x Congresses
|
| 650 |
0 |
0 |
|a Agriculture and state
|z United States
|x Congresses
|
| 650 |
0 |
0 |
|a Environmental policy
|z United States
|x Congresses
|
| 650 |
0 |
0 |
|a Sustainable agriculture
|x Congresses
|
| 650 |
0 |
0 |
|a Sustainable agriculture
|z United States
|x Congresses
|
| 700 |
0 |
1 |
|a Olson
|h Richard K.
|
| 998 |
|
|
|a JPSM
|
| 999 |
|
|
|a 0000003458
|b Monograph
|c Open Shelf
|e Default branch
|